[Event "50th World Juniors"]
[Site "Chennai IND"]
[Date "2011.08.06"]
[Round "5.40"]
[White "Sochacki, Wojtek"]
[Black "Debashish, Dutta"]
[Result "1/2-1/2"]
[WhiteTitle "FM"]
[WhiteElo "2316"]
[BlackElo "2127"]
[WhiteFideId "651389"]
[BlackFideId "5037816"]
[EventDate "2011.08.02"]

1. e4 c5 2. Nf3 Nc6 3. d4 cxd4 4. Nxd4 g6 5. Nc3 Bg7 6. Be3 Nf6 7. Bc4 O-O 8.
Bb3 Ng4 9. Qxg4 Nxd4 10. Qd1 Nc6 11. Qd2 Qa5 12. Bh6 d6 13. h4 Qh5 14. Bxg7 Kxg7
15. f3 Qh6 16. Qxh6+ Kxh6 17. Nd5 f5 18. exf5 Bxf5 19. O-O-O Rac8 20. h5 gxh5
21. c3 Bg6 22. Rh4 Kg5 23. Rdh1 e6 24. f4+ Kh6 25. Ne3 Nd4 26. Bd1 Nf5 27. R4h3
Nxe3 28. Rxe3 Rce8 29. Ba4 Re7 30. g3 Kg7 31. Bb3 Rf6 1/2-1/2

[Event "50th World Juniors"]
[Site "Chennai IND"]
[Date "2011.08.06"]
[Round "5.41"]
[White "Lokesh, P."]
[Black "Sapozhnikov, Roman"]
[Result "0-1"]
[BlackTitle "FM"]
[WhiteElo "2194"]
[BlackElo "2295"]
[WhiteFideId "5023157"]
[BlackFideId "2601842"]
[EventDate "2011.08.02"]

1. e4 c5 2. Nf3 e6 3. d4 cxd4 4. Nxd4 Bc5 5. Nb3 Bb6 6. Bd3 Nc6 7. O-O Nge7 8.
Nc3 O-O 9. Qe2 f5 10. exf5 Nxf5 11. Bxf5 Rxf5 12. Ne4 d5 13. Ng3 Rf7 14. Be3 e5
15. Bxb6 Qxb6 16. c4 Be6 17. cxd5 Bxd5 18. Nc1 e4 19. b3 Ne5 20. Qh5 e3 21. Qxe5
exf2+ 22. Kh1 Qc6 23. Ne4 Re8 24. Qg3 Rxe4 25. Nd3 Re3 26. Qg5 h6 27. Nb4 hxg5 0-1

[Event "50th World Juniors"]
[Site "Chennai IND"]
[Date "2011.08.06"]
[Round "5.42"]
[White "Aaron, Deepak"]
[Black "Sidhant, Mohapatra"]
[Result "1/2-1/2"]
[WhiteElo "2288"]
[BlackElo "2155"]
[WhiteFideId "2009412"]
[BlackFideId "5028698"]
[EventDate "2011.08.02"]

1. e4 c5 2. Nf3 e6 3. d4 cxd4 4. Nxd4 Nf6 5. Nc3 Nc6 6. Ndb5 Bb4 7. a3 Bxc3+ 8.
Nxc3 d5 9. exd5 exd5 10. Bd3 O-O 11. O-O d4 12. Ne2 Qd5 13. Nf4 Qd6 14. Nh5 Nxh5
15. Qxh5 h6 16. Re1 Bd7 17. Qh4 Rfe8 18. Bf4 Qd5 19. Qg3 Kh8 20. f3 Bf5 21. Rad1
Bxd3 22. Rxd3 Qc5 23. Rxe8+ Rxe8 24. Qf2 Qb5 25. Bc1 Qe5 26. Rd1 Re6 27. b3 Qb5
28. Rd3 Qa5 29. Kf1 Qb5 30. Kg1 Qa5 31. Kf1 Qb5 32. Kg1 Qa5 33. b4 Qb5 1/2-1/2

[Event "50th World Juniors"]
[Site "Chennai IND"]
[Date "2011.08.06"]
[Round "5.45"]
[White "Das, Sayantan"]
[Black "Praneeth, Surya"]
[Result "0-1"]
[WhiteTitle "FM"]
[WhiteElo "2246"]
[BlackElo "2036"]
[WhiteFideId "5034426"]
[BlackFideId "5091411"]
[EventDate "2011.08.02"]

1. d4 Nf6 2. Nc3 d5 3. Bg5 g6 4. f3 Bg7 5. e4 dxe4 6. fxe4 O-O 7. Nf3 c5 8. d5
h6 9. Be3 Nbd7 10. h3 Nh5 11. Qd3 a6 12. Ne2 b5 13. c3 Bb7 14. g4 Nhf6 15. g5
hxg5 16. Bxg5 c4 17. Qe3 Nxe4 18. O-O-O Nxg5 19. Nxg5 b4 20. cxb4 Qb6 21. Qd2 a5
22. b5 a4 23. a3 Nc5 24. Kb1 Qf6 25. Nd4 Bxd5 26. Rg1 Nb3 27. Nxb3 axb3 28. Rg2
Bxg2 29. Bxg2 Rad8 30. Qxd8 Qxb2# 0-1

[Event "50th World Juniors"]
[Site "Chennai IND"]
[Date "2011.08.06"]
[Round "5.46"]
[White "Mastalerz, Xavier"]
[Black "Pradeep, Kumar R.A."]
[Result "0-1"]
[WhiteElo "2129"]
[BlackElo "2245"]
[WhiteFideId "208310"]
[BlackFideId "5023181"]
[EventDate "2011.08.02"]

1. e4 c5 2. Nf3 Nc6 3. d4 cxd4 4. Nxd4 Nf6 5. Nc3 e5 6. Ndb5 d6 7. Bg5 a6 8. Na3
b5 9. Nd5 Be7 10. Nxe7 Nxe7 11. Bd3 Bb7 12. Qe2 Nd7 13. c4 b4 14. Nc2 a5 15. f3
Nc5 16. O-O O-O 17. Rfe1 Qc7 18. Qd2 Rac8 19. Bf1 f6 20. Bh4 Rfd8 21. Ne3 Bc6
22. Rac1 Qb7 23. Red1 Ba4 24. Re1 Be8 25. Bf2 Bf7 26. Red1 Be6 27. Nd5 Nc6 28.
Kh1 Rd7 29. Kg1 Rf8 30. Ne3 g6 31. Nd5 Kg7 32. Be3 Kg8 33. Qf2 Qa7 34. Qh4 g5
35. Qh6 Rdf7 36. Bf2 Nd4 37. Ne3 b3 38. a3 Rg7 39. Nd5 Rg6 40. Qh5 Kg7 41. Rxd4
Rh6 42. Nxf6 Rfxf6 43. Qxg5+ Rhg6 44. Qd2 exd4 45. Bxd4 Kf7 46. Bxf6 Rxf6 47.
Kh1 Qc7 48. Rd1 Na4 49. f4 Qc5 50. f5 Bd7 51. Qd3 Nxb2 52. Qxb3 Nxd1 53. Qxd1
Qe5 54. Qh5+ Kg7 55. Qg4+ Kh8 56. h4 Bc6 57. Bd3 Rf8 58. Qf3 Rg8 59. g4 Re8 0-1

[Event "50th World Juniors"]
[Site "Chennai IND"]
[Date "2011.08.06"]
[Round "5.47"]
[White "Barbier, Sigiswald"]
[Black "Dusthageer, Ibrahim M."]
[Result "0-1"]
[WhiteElo "2088"]
[BlackElo "2212"]
[WhiteFideId "262447"]
[BlackFideId "5028515"]
[EventDate "2011.08.02"]

1. c4 e5 2. g3 c6 3. d4 e4 4. Bg2 d5 5. Nc3 Bb4 6. Bd2 Bxc3 7. Bxc3 Ne7 8. f3
Bf5 9. cxd5 cxd5 10. fxe4 Bxe4 11. Nf3 O-O 12. O-O Nf5 13. Qd2 f6 14. Bh3 Nc6
15. Ne1 Nd6 16. Nd3 b6 17. b3 Qe8 18. Nf4 g5 19. Nd3 Qh5 20. Nf2 f5 21. Bb4 Nxb4
22. Qxb4 Rf6 23. Bg2 Bxg2 24. Kxg2 Qxe2 25. Rae1 Qh5 26. h3 Raf8 27. Re5 Ne4 28.
Qe7 Nd2 29. g4 Qh4 30. Re6 R6f7 31. Qd6 fxg4 32. Nxg4 Nxf1 33. Nh6+ Qxh6 34.
Rxh6 Ne3+ 35. Kh2 Rf2+ 36. Kg3 Rg2# 0-1

[Event "50th World Juniors"]
[Site "Chennai IND"]
[Date "2011.08.06"]
[Round "5.48"]
[White "Kathmale, Sameer"]
[Black "Yohan, J."]
[Result "0-1"]
[WhiteElo "2211"]
[BlackElo "2017"]
[WhiteFideId "5024498"]
[BlackFideId "5058589"]
[EventDate "2011.08.02"]

1. e4 e5 2. Nf3 Nc6 3. Bb5 a6 4. Ba4 Nf6 5. Qe2 b5 6. Bb3 Bc5 7. d3 d6 8. c3 h6
9. h3 Bb6 10. Nbd2 Qe7 11. Nf1 Nh5 12. Bd5 Bd7 13. g4 Nf4 14. Bxf4 exf4 15. d4
Rb8 16. N1d2 Nd8 17. e5 c6 18. Bb3 d5 19. a4 g5 20. Bc2 h5 21. Rg1 h4 22. axb5
axb5 23. b4 Ne6 24. Nb3 Kd8 25. Bf5 Kc7 26. Kd2 Ra8 27. Kc2 Rhb8 28. Kb2 Qd8 29.
Qc2 Qg8 30. Rgb1 Qg7 31. Kc1 Qg8 32. Ne1 Rxa1 33. Rxa1 Ra8 34. Rxa8 Qxa8 35. Nf3
Qg8 36. Qa2 Qd8 37. Ne1 Bc8 38. Nd3 Bb7 39. Nbc5 Qe8 40. Nb3 Qd8 41. Ndc5 Qe8
42. Qc2 Qg8 43. Bh7 Qg7 44. Qf5 Nf8 45. Bg8 Bxc5 46. Nxc5 Bc8 47. e6 Nxe6 48.
Nd3 Qxg8 49. Qe5+ Kb7 50. Qd6 Qe8 51. Qe5 Qd8 52. Qf5 f6 53. f3 Qe7 54. Qg6 Kb8
55. Kd1 Nf8 56. Qh6 Nd7 57. Qh8 Qe3 58. Nc5 Qxf3+ 59. Kc2 Nxc5 60. dxc5 Qe4+ 61.
Kb3 Qe7 62. Qg8 f3 63. Qg6 f2 0-1

[Event "50th World Juniors"]
[Site "Chennai IND"]
[Date "2011.08.06"]
[Round "5.49"]
[White "Lokesh, N."]
[Black "Gusain, Himal"]
[Result "1-0"]
[WhiteElo "2090"]
[BlackElo "2208"]
[WhiteFideId "5025044"]
[BlackFideId "5033861"]
[EventDate "2011.08.02"]

1. e4 c5 2. Nf3 e6 3. d4 cxd4 4. Nxd4 a6 5. c4 Nf6 6. Nc3 Qc7 7. Bd3 Nc6 8. Nxc6
dxc6 9. Qe2 e5 10. h3 Bc5 11. Be3 Bxe3 12. Qxe3 O-O 13. O-O Be6 14. Be2 Rad8 15.
Rfd1 b5 16. cxb5 cxb5 17. Rac1 Qe7 18. b3 Qb4 19. Nd5 Bxd5 20. exd5 Qe7 21. Qc5
Rd6 22. a4 bxa4 23. bxa4 Rfd8 24. Bxa6 Nh5 25. Bf1 Nf4 26. g3 Qg5 27. Kh2 Nxd5
28. Bg2 e4 29. Bxe4 h6 30. Rd3 Qe5 31. Bg2 Nb4 32. Qxe5 Nxd3 33. Qa1 Nxc1 34.
Qxc1 Rd2 35. Qe1 Rd1 36. Qe5 R1d2 37. Kg1 Rd1+ 38. Kh2 R1d2 39. Qc5 Ra2 40. Bc6
Rdd2 41. Kg2 g6 42. Bb5 h5 43. h4 Rdc2 44. Qd4 Rab2 45. Bc4 Rd2 46. Qf6 1-0

[Event "50th World Juniors"]
[Site "Chennai IND"]
[Date "2011.08.06"]
[Round "5.52"]
[White "Aravindh, Chithambaram VR."]
[Black "Herman, Jean"]
[Result "1-0"]
[WhiteElo "2212"]
[BlackElo "2105"]
[WhiteFideId "5072786"]
[BlackFideId "263036"]
[EventDate "2011.08.02"]

1. e4 c5 2. Nf3 d6 3. d4 cxd4 4. Nxd4 Nf6 5. Nc3 g6 6. Be3 Bg7 7. f3 O-O 8. Qd2
Nc6 9. Bc4 Bd7 10. O-O-O Rc8 11. Bb3 Ne5 12. h4 h5 13. Bh6 Bxh6 14. Qxh6 Rxc3
15. bxc3 Qa5 16. Kb1 Qxc3 17. Ne2 Qc5 18. Nf4 Nc4 19. Nd5 Nxd5 20. Rxd5 Na3+ 21.
Kb2 Nc4+ 22. Ka1 Qb4 23. Rd3 Ne5 24. Rhd1 Bb5 25. Rd4 Qc3+ 26. Kb1 Rc8 27. Qd2
Qc6 28. Ka1 Nc4 29. Qc3 a5 30. f4 a4 31. Bxc4 Bxc4 32. f5 b5 33. f6 e5 34. Rxd6
Qxe4 35. Rd8+ Rxd8 36. Rxd8+ Kh7 37. Qd2 Qxh4 38. Rh8+ 1-0

[Event "50th World Juniors"]
[Site "Chennai IND"]
[Date "2011.08.06"]
[Round "5.53"]
[White "Shreyans, K. Shah"]
[Black "Chaithanyaa, K.G."]
[Result "1-0"]
[WhiteElo "2203"]
[BlackElo "2088"]
[WhiteFideId "5029074"]
[BlackFideId "5068754"]
[EventDate "2011.08.02"]

1. e4 c5 2. c3 d5 3. exd5 Qxd5 4. d4 Nf6 5. Nf3 e6 6. Be2 cxd4 7. cxd4 Be7 8.
O-O O-O 9. Nc3 Qd8 10. Bc4 Nbd7 11. Re1 Nb6 12. Bb3 Bd7 13. Ne5 Rc8 14. Re3 Bc5
15. Rg3 Kh8 16. Rh3 Nbd5 17. Qe2 Kg8 18. Bg5 h6 19. Bd2 a6 20. Rd1 b5 21. Qd3
Be7 22. Ne2 b4 23. Qf3 a5 24. Bxh6 gxh6 25. Nf4 a4 26. Nxe6 fxe6 27. Qg3+ Ng4
28. Qxg4+ Bg5 29. Qxe6+ 1-0

[Event "50th World Juniors"]
[Site "Chennai IND"]
[Date "2011.08.06"]
[Round "5.54"]
[White "Vasli, Aref"]
[Black "Ghaledar, Faraz"]
[Result "1-0"]
[WhiteElo "2181"]
[BlackElo "2088"]
[WhiteFideId "417521"]
[BlackFideId "12510378"]
[EventDate "2011.08.02"]

1. d4 Nf6 2. Nf3 e6 3. Bf4 b6 4. Nbd2 Bb7 5. e3 c5 6. Bd3 Be7 7. h3 Nc6 8. c3
Rc8 9. a3 cxd4 10. exd4 Nd5 11. Bh2 f5 12. O-O O-O 13. Qe2 Qe8 14. Rfe1 Qh5 15.
c4 Nf6 16. d5 exd5 17. cxd5 Nxd5 18. Bc4 f4 19. Qd3 Rf5 20. Bxf4 Kh8 21. Bh2 Nf6
22. Rad1 b5 23. Ba2 Bc5 24. Nf1 Rxf3 25. Qxf3 Qxf3 26. gxf3 Nd4 27. Nd2 Bxf3 28.
Rb1 d5 29. Be5 Bh5 30. Kg2 Rf8 31. Rbc1 Bb6 32. Bd6 Ra8 33. Bb1 Ne2 34. Rcd1 Nd4
35. f3 a5 36. Bd3 Rd8 37. Be7 Rb8 38. Rc1 Nd7 39. Bd6 Ra8 40. Re7 Nf8 41. Rb7
Ba7 42. Rxa7 Rxa7 43. Rc8 1-0

[Event "50th World Juniors"]
[Site "Chennai IND"]
[Date "2011.08.06"]
[Round "5.55"]
[White "Santos, Hugo Lima"]
[Black "Lim, Zhuo Ren"]
[Result "0-1"]
[WhiteElo "2078"]
[BlackElo "2155"]
[WhiteFideId "1913026"]
[BlackFideId "5702488"]
[EventDate "2011.08.02"]

1. e4 d6 2. d4 Nf6 3. Bd3 c6 4. c4 e5 5. d5 Na6 6. Nc3 Nc5 7. Bc2 a5 8. Nge2 Bd7
9. O-O cxd5 10. exd5 g6 11. f4 Bg7 12. fxe5 dxe5 13. Be3 Rc8 14. h3 O-O 15. Qd2
Ne8 16. Kh1 Nd6 17. b3 f5 18. Bg5 Qe8 19. Rae1 Nf7 20. Be3 Nd6 21. Bg5 Qf7 22.
Ng1 Rfe8 23. Nf3 Qf8 24. Be3 b6 25. Qf2 Bf6 26. Bg5 e4 27. Bxf6 Qxf6 28. Qd4
Qxd4 29. Nxd4 Re7 30. h4 Kg7 31. g3 h6 32. Kg2 Ree8 33. Kf2 g5 34. Ke3 Kf6 35.
Nce2 Ke5 36. Rh1 Rh8 37. Rh2 Rcf8 38. Rf1 b5 39. cxb5 Nxb5 40. Nxb5 Bxb5 41.
Rfh1 f4+ 42. Kf2 fxg3+ 43. Kxg3 Rf3+ 44. Kg4 Bd7+ 45. Kh5 Be8+ 46. Kg4 h5+ 47.
Kxg5 Rf5# 0-1

[Event "50th World Juniors"]
[Site "Chennai IND"]
[Date "2011.08.06"]
[Round "5.56"]
[White "Jefic, Srdjan"]
[Black "Jaswant, G"]
[Result "1-0"]
[WhiteElo "2143"]
[BlackElo "2036"]
[WhiteFideId "14403080"]
[BlackFideId "5039401"]
[EventDate "2011.08.02"]

1. e4 c6 2. d4 d5 3. exd5 cxd5 4. c4 Nf6 5. Nc3 e6 6. Nf3 Bb4 7. cxd5 Nxd5 8.
Qc2 Nc6 9. a3 Be7 10. Bd3 h6 11. O-O O-O 12. Qe2 Nf6 13. Rd1 Re8 14. Bf4 Bd7 15.
Rac1 a6 16. Bb1 Bf8 17. Ne5 Ne7 18. Ne4 Ned5 19. Nxf6+ Nxf6 20. Qd3 Bb5 21. Qh3
Nd5 22. Qh5 Qf6 23. Bg5 Nf4 24. Bxf4 Qxf4 25. Rc3 Rec8 26. Rf3 Be2 27. Rxf4 Bxh5
28. g4 f6 29. gxh5 fxe5 30. dxe5 Rd8 31. Rdd4 Rxd4 32. Rxd4 Bc5 33. Rd2 Re8 34.
Kg2 Kf8 35. Bg6 Rc8 36. Rd7 b6 37. Rf7+ Kg8 38. Ra7 Rf8 39. f3 a5 40. Rd7 Be3
41. Re7 Bd4 42. Rxe6 a4 43. Re7 Bxb2 44. e6 Ra8 45. Be4 Bxa3 46. Rb7 Re8 47. Bc6
Rc8 48. Bxa4 Kf8 49. Rxb6 Be7 50. Kg3 Rd8 51. Bc2 Rd6 52. Rb8+ Bd8 53. Kf4 Rd2
54. Kf5 Ke7 55. Rb7+ Kf8 56. Be4 Be7 57. Kg6 Rg2+ 58. Kh7 Rd2 59. Bc6 Rd8 60.
Rb5 Rc8 61. Bd7 Ra8 62. Kg6 Bf6 63. Rb7 Be7 64. f4 Bf6 65. Bc6 Be7 66. Rb5 Bf6
67. Rb3 Bh4 68. h3 Be7 69. Rb7 Rc8 70. Bd7 Rd8 71. Bb5 Rc8 72. f5 Rd8 73. Bd7
Bf6 74. Rb1 Ke7 75. Ba4 Kf8 76. Bc6 Bh4 77. Bd7 Bf6 78. Kh7 Bg5 79. Rg1 Bf6 80.
Rg3 Rb8 81. Ra3 Rd8 82. Ra7 Rb8 83. Kg6 Rd8 84. Ba4 Be7 85. f6 Bxf6 86. Rf7+ Kg8
87. e7 Bxe7 88. Rxg7+ Kf8 89. Rf7+ Kg8 90. Rg7+ Kf8 91. Rf7+ Kg8 92. Rxe7 Rd6+
93. Kf5 Rd5+ 94. Kf6 Rd6+ 95. Ke5 Rb6 96. Bd7 Rb2 97. Kf6 Rb6+ 98. Be6+ Kf8 99.
Rh7 1-0

[Event "50th World Juniors"]
[Site "Chennai IND"]
[Date "2011.08.06"]
[Round "5.57"]
[White "Karma, Pandya"]
[Black "Krishna, Prasad K.C."]
[Result "1-0"]
[WhiteElo "2136"]
[BlackElo "2027"]
[WhiteFideId "5030331"]
[BlackFideId "5020239"]
[EventDate "2011.08.02"]

1. e4 c5 2. Nf3 Nc6 3. d4 cxd4 4. Nxd4 Nf6 5. Nc3 e5 6. Ndb5 d6 7. Bg5 a6 8. Na3
b5 9. Nd5 Be7 10. Bxf6 Bxf6 11. c4 b4 12. Nc2 Rb8 13. b3 Bg5 14. Bd3 Be6 15. O-O
O-O 16. Qf3 a5 17. Rfd1 g6 18. Bf1 f5 19. exf5 Bxf5 20. Bd3 Be6 21. Qe4 Qd7 22.
f3 Kh8 23. Kh1 Rbd8 24. a3 bxa3 25. Rxa3 Rb8 26. Qe2 Qa7 27. Be4 Qc5 28. Nc7 Bc8
29. Rd5 Nd4 30. Rxc5 Nxe2 31. Rcxa5 Nc3 32. Kg1 Bc1 33. Ra1 Bb2 34. Re1 Rxb3 35.
Bd5 Bf5 36. Ne3 Nxd5 37. Ncxd5 Bd4 38. Kf2 e4 39. Rd1 Bc5 40. f4 Be6 41. Ke2
Bxd5 42. Nxd5 e3 43. Rb5 Ra3 44. Rb2 Re8 45. Rd3 Ra4 46. Nxe3 Rxc4 47. Kf3 Bxe3
48. Rxe3 Rxe3+ 49. Kxe3 d5 50. Rb8+ Kg7 51. Rb7+ Kg8 52. Rd7 Rc2 53. Kf3 Rd2 54.
h4 h5 55. g3 Rd3+ 56. Kf2 d4 57. Rd5 Kg7 58. f5 gxf5 59. Rxf5 Kg6 60. Rg5+ Kh6
61. Rd5 Kg6 62. Kg2 Rd2+ 63. Kf3 Rd3+ 64. Kf4 Kh6 65. Rd8 Kh7 66. Rd6 Kg7 67.
Rd5 Kh6 68. Rg5 Re3 69. Rg8 Kh7 70. Rd8 Rd3 71. g4 hxg4 72. Kxg4 Rd1 73. Kg5 d3
74. Rd7+ Kg8 75. Kg6 Rg1+ 76. Kh6 Rg3 77. h5 Re3 78. Rd8+ Kf7 79. Kh7 Rg3 80. h6
Rg2 81. Rxd3 Kf8 82. Rd7 Rg1 83. Rg7 Rf1 84. Rg5 Rf2 1-0

[Event "50th World Juniors"]
[Site "Chennai IND"]
[Date "2011.08.06"]
[Round "5.58"]
[White "Prasannaa, S"]
[Black "Karthikeyan, Murali"]
[Result "1/2-1/2"]
[WhiteElo "2032"]
[BlackElo "2122"]
[WhiteFideId "5068878"]
[BlackFideId "5074452"]
[EventDate "2011.08.02"]

1. e4 c5 2. Nf3 e6 3. d4 cxd4 4. Nxd4 a6 5. c4 Nf6 6. Nc3 Bb4 7. Qd3 Qc7 8. Be2
O-O 9. O-O Nc6 10. Nxc6 dxc6 11. Rd1 e5 12. Be3 Be6 13. f3 a5 14. Na4 Be7 15.
Bb6 Qc8 16. Nc5 Bxc5+ 17. Bxc5 Rd8 18. Qc3 Qc7 19. Qe3 Nd7 20. Be7 Re8 21. Bd6
Qc8 22. c5 f6 23. b3 Bf7 24. Rd2 Nf8 25. Bxf8 Kxf8 26. Rad1 Be6 27. Rd6 a4 28.
Bc4 Bxc4 29. bxc4 Re7 30. R1d3 Qc7 31. Qd2 Ke8 32. Qf2 a3 33. Qh4 h6 34. h3 Qa5
35. Kh2 Kf7 36. Qh5+ Kf8 37. Qf5 Qxc5 38. Rd8+ Rxd8 39. Rxd8+ Re8 40. Rd7 Re7
41. Rd8+ Re8 42. Rd7 1/2-1/2

[Event "50th World Juniors"]
[Site "Chennai IND"]
[Date "2011.08.06"]
[Round "5.60"]
[White "Rodriguez Aleman, Eduardo"]
[Black "Mithil, Ajgaonkar"]
[Result "0-1"]
[WhiteElo "1997"]
[BlackElo "2130"]
[WhiteFideId "5111668"]
[BlackFideId "5017343"]
[EventDate "2011.08.02"]

1. e4 c6 2. d4 d5 3. Nd2 dxe4 4. Nxe4 Nd7 5. Bc4 Ngf6 6. Ng5 e6 7. Qe2 Nb6 8.
Bd3 h6 9. N5f3 c5 10. dxc5 Bxc5 11. Ne5 Nbd7 12. Ngf3 O-O 13. O-O Nxe5 14. Nxe5
Qc7 15. Bf4 Bd6 16. Rad1 b6 17. Bc4 Bb7 18. Rxd6 Qxd6 19. Ng6 Qc5 20. Nxf8 Rxf8
21. Rd1 Rc8 22. Bd3 Qc6 23. f3 Qa4 24. Be5 Qxa2 25. b3 Qa5 26. Kh1 Qc5 27. Bd4
Qe7 28. Ra1 Bc6 29. Qe5 Rd8 30. Bb2 Ne8 31. Qc3 Bd5 32. Bb5 f6 33. Qe3 Nd6 34.
Bd3 e5 35. Ba3 Qc7 36. c4 Be6 37. f4 Nf5 38. Qh3 Nd4 39. f5 Bd7 40. Be7 Re8 41.
Bxf6 gxf6 42. c5 Bb5 43. cxb6 axb6 44. Qxh6 Qh7 45. Qxf6 Bxd3 46. Qxb6 Qxf5 47.
Qd6 Rf8 48. Qd5+ Qf7 0-1

[Event "50th World Juniors"]
[Site "Chennai IND"]
[Date "2011.08.06"]
[Round "5.61"]
[White "Bryan-Vissi, Mark"]
[Black "Kourkoulos-Arditis, Stamatis"]
[Result "0-1"]
[WhiteElo "1815"]
[BlackElo "2123"]
[WhiteFideId "5900638"]
[BlackFideId "4221990"]
[EventDate "2011.08.02"]

1. e4 g6 2. d4 Bg7 3. Nf3 d6 4. Be2 a6 5. O-O Nf6 6. Nc3 O-O 7. h3 b5 8. a3 Bb7
9. Bd3 Nbd7 10. Re1 c5 11. dxc5 Nxc5 12. Rb1 Nfd7 13. Bd2 Rc8 14. Qe2 Nb6 15.
Red1 Re8 16. Rdc1 e5 17. Be3 Ne6 18. Re1 Nd4 19. Qd1 d5 20. exd5 Nxf3+ 21. Qxf3
Nxd5 22. Nxd5 Bxd5 23. Be4 Bxe4 24. Qxe4 f5 25. Qb7 f4 26. Bb6 Re7 27. Rbd1 Rxb7
28. Rxd8+ Rxd8 29. Bxd8 Rd7 30. Ba5 Kf7 31. Bc3 Ke6 32. Kf1 Rd5 33. Re4 Kf5 34.
f3 g5 35. Ke2 h5 36. Bb4 g4 37. Be7 Rd7 38. Bb4 Rc7 39. Kd3 gxh3 40. gxh3 Bf6
41. Re2 Rd7+ 42. Kc3 e4+ 43. Kb3 exf3 44. Rf2 Ke4 45. c3 Bh4 46. Rf1 f2 47. a4
Kf3 48. Bc5 Bg3 49. axb5 axb5 50. Kb4 Ke2 0-1

[Event "50th World Juniors"]
[Site "Chennai IND"]
[Date "2011.08.06"]
[Round "5.62"]
[White "Arun, J"]
[Black "Sekar, B"]
[Result "1/2-1/2"]
[WhiteElo "2018"]
[BlackElo "2061"]
[WhiteFideId "5035961"]
[BlackFideId "5043743"]
[EventDate "2011.08.02"]

1. e4 c5 2. Nf3 d6 3. d4 cxd4 4. Nxd4 Nf6 5. Nc3 a6 6. Be2 e5 7. Nb3 Be7 8. O-O
O-O 9. Be3 Be6 10. Nd5 Nbd7 11. Qd3 Bxd5 12. exd5 Rc8 13. c4 Ne8 14. Qd2 g6 15.
Na5 Qc7 16. b4 f5 17. f4 Nef6 18. Bf3 Bd8 19. Rac1 Qb8 20. Nb3 b6 21. Rc2 a5 22.
bxa5 bxa5 23. Nxa5 exf4 24. Bd4 Ne4 25. Bxe4 Bxa5 26. Qxa5 fxe4 27. Qe1 e3 28.
g3 Ne5 29. gxf4 Nxc4 30. Qe2 Nd2 31. Rb2 Qa8 32. Qxe3 Nxf1 33. Qe6+ Rf7 34. Rg2
Re8 35. Rxg6+ hxg6 36. Qxg6+ Kf8 37. Qh6+ Ke7 38. Qe6+ 1/2-1/2

[Event "50th World Juniors"]
[Site "Chennai IND"]
[Date "2011.08.07"]
[Round "6"]
[White "Girish, A. Koushik"]
[Black "Sethuraman, S.P."]
[Result "1-0"]
[WhiteTitle "FM"]
[BlackTitle "GM"]
[WhiteElo "2309"]
[BlackElo "2529"]
[WhiteFideId "5038448"]
[BlackFideId "5021596"]
[EventDate "2011.08.02"]

1. d4 e6 2. c4 Nf6 3. Nf3 b6 4. g3 Ba6 5. Qc2 Bb4+ 6. Bd2 Be7 7. Bg2 O-O 8. O-O
d5 9. b3 c6 10. a4 c5 11. dxc5 bxc5 12. Na3 Nc6 13. Rfd1 Qb6 14. Nb5 Rac8 15.
Bc3 Qb8 16. e3 Ne4 17. Bb2 Nb4 18. Qe2 Bf6 19. Bxf6 Nxf6 20. Qb2 Bb7 21. Qe5 a6
22. Nc3 Qa8 23. cxd5 exd5 24. Qf4 d4 25. exd4 cxd4 26. Ne2 d3 27. Ned4 Nfd5 28.
Qg4 Nf6 29. Qf4 Be4 30. Nf5 Rc5 31. N3h4 Bxg2 32. Ne7+ Kh8 33. Qxb4 Re5 34. Nxg2
Re8 35. Rxd3 R5xe7 36. Rad1 Re2 37. Re3 R8xe3 38. Nxe3 h5 39. Qf4 Qc6 40. Nf5
Qc2 41. Rc1 Qe4 42. Qg5 Qg4 43. Nh6 Qf3 44. Nxf7+ Kh7 45. Qf4 Qxf4 46. gxf4 Kg6
47. Ng5 Kf5 48. Rc4 Nd5 49. Rc5 Rd2 50. Kg2 Kxf4 51. Ne6+ Ke4 52. Rc4+ Ke5 53.
Rc6 a5 54. Nxg7 h4 55. Rc5 Rd3 56. Nh5 h3+ 57. Kf1 Ke4 58. Rxd5 Kxd5 59. Nf4+
Ke4 60. Nxd3 Kxd3 61. Ke1 1-0

[Event "50th World Juniors"]
[Site "Chennai IND"]
[Date "2011.08.07"]
[Round "6"]
[White "Swayams, Mishra"]
[Black "Swiercz, Dariusz"]
[Result "1/2-1/2"]
[BlackTitle "GM"]
[WhiteElo "2378"]
[BlackElo "2553"]
[WhiteFideId "5028183"]
[BlackFideId "1126881"]
[EventDate "2011.08.02"]

1. d4 d5 2. c4 e6 3. Nf3 Nf6 4. Nc3 Bb4 5. Bg5 h6 6. Bxf6 Qxf6 7. e3 O-O 8. Be2
dxc4 9. O-O Rd8 10. Qc2 Qe7 11. a3 Bxc3 12. bxc3 Nd7 13. Bxc4 b6 14. Qe2 c5 15.
a4 Bb7 16. a5 Qd6 17. Ba6 Bc6 18. Rfd1 Rab8 19. Bb5 Qc7 20. Bxc6 Qxc6 21. c4
cxd4 22. exd4 Rbc8 23. d5 exd5 24. cxd5 Qc5 25. Nd4 Qxd5 26. Nb5 Qe5 27. Qxe5
Nxe5 28. Nxa7 Rxd1+ 29. Rxd1 Rb8 30. Rb1 Nc4 31. Nc6 Ra8 1/2-1/2

[Event "50th World Juniors"]
[Site "Chennai IND"]
[Date "2011.08.07"]
[Round "6"]
[White "Grover, Sahaj"]
[Black "Sjugirov, Sanan"]
[Result "0-1"]
[WhiteTitle "IM"]
[BlackTitle "GM"]
[WhiteElo "2496"]
[BlackElo "2629"]
[WhiteFideId "5021103"]
[BlackFideId "4189302"]
[EventDate "2011.08.02"]

1. d4 Nf6 2. c4 c5 3. d5 b5 4. cxb5 a6 5. e3 axb5 6. Bxb5 Qa5+ 7. Nc3 Bb7 8. Bd2
Qb6 9. Bc4 e6 10. Qb3 Qxb3 11. Bxb3 exd5 12. Nge2 Na6 13. O-O Nc7 14. Rfd1 Bd6
15. Ng3 g6 16. Be1 Ke7 17. Nge2 Ba6 18. f3 Rhb8 19. Rd2 Bxe2 0-1

[Event "50th World Juniors"]
[Site "Chennai IND"]
[Date "2011.08.07"]
[Round "6"]
[White "Piorun, Kacper"]
[Black "Rombaldoni, Axel"]
[Result "0-1"]
[WhiteTitle "IM"]
[BlackTitle "IM"]
[WhiteElo "2514"]
[BlackElo "2459"]
[WhiteFideId "1130420"]
[BlackFideId "815837"]
[EventDate "2011.08.02"]

1. d4 Nf6 2. c4 g6 3. Nc3 d5 4. Bg5 Ne4 5. Bh4 Nxc3 6. bxc3 Bg7 7. e3 c5 8. cxd5
cxd4 9. cxd4 Qxd5 10. Nf3 Nc6 11. Be2 e5 12. dxe5 Qa5+ 13. Nd2 Nxe5 14. O-O O-O
15. Nb3 Qa3 16. Nd4 a6 17. Qc1 Qa5 18. Qb2 Re8 19. a4 Be6 20. Qxb7 Bd5 21. Nb3
Bxb3 22. Qxb3 Rab8 23. Qa3 Rb4 24. Bg3 Nc4 25. Bc7 Nxa3 26. Bxa5 Rxa4 27. Bd2
Bxa1 28. Rxa1 Rb8 29. Bd1 Rc4 30. Kf1 Nb1 31. Ke1 Nxd2 32. Kxd2 Rb2+ 33. Ke1 Rc6
34. Be2 Rcc2 35. Bxa6 Rxf2 0-1